25 Biggest Cities in the Outback - Statistics

General Stats
  • This quiz has been taken 13 times
  • The average score is 6 of 25
Answer Stats
State Population City % Correct
Northern Territory 27,844 Alice Springs
100%
New South Wales 18,213 Broken Hill
38%
Western Australia 18,110 Broome
38%
Queensland 15,107 Emerald
38%
New South Wales 46,178 Dubbo
31%
Western Australia 17,901 Karratha
31%
Queensland 21,915 Mount Isa
31%
Western Australia 19,392 Port Hedland
31%
Queensland 7,225 Roma
31%
South Australia 23,073 Whyalla
31%
New South Wales 22,365 Griffith
23%
Western Australia 30,716 Kalgoorlie - Boulder
23%
Victoria 37,214 Mildura
23%
Western Australia 6,918 Newman
23%
Northern Territory 6,319 Katherine
15%
Western Australia 5,448 Kununurra
15%
South Australia 13,494 Port Augusta
15%
South Australia 14,215 Port Pirie
15%
Victoria 12,810 Swan Hill
15%
Queensland 8,379 Charters Towers
8%
New South Wales 6,682 Forbes
8%
New South Wales 7,839 Leeton
8%
New South Wales 10,260 Parkes
8%
Victoria 5,564 Red Cliffs
8%
South Australia 5,153 Renmark
8%
No matching quizzes found
Score Distribution
Percent of People with Each Score
Percentile by Number Answered
Your Score History
You have not taken this quiz